[Event "Paris-ch op-A"]
[Site "Paris"]
[Date "2010.07.10"]
[Round "8"]
[White "Gaulupeau, Pascal"]
[Black "Marin, Frederic Vincent"]
[Result "0-1"]
[WhiteElo "1906"]
[BlackElo "2031"]
[PlyCount "88"]
[EventDate "2010.07.03"]
[EventType "swiss"]
[EventRounds "9"]
[EventCountry "FRA"]
[SourceTitle "CBM 137 Extra"]
[Source "ChessBase"]
[SourceDate "2010.09.01"]
[SourceVersion "1"]
[SourceVersionDate "2010.09.01"]
[SourceQuality "1"]

1. e4 c5 2. Nf3 g6 3. d4 cxd4 4. Nxd4 Bg7 5. c4 Nc6 6. Be3 Nf6 7. Nxc6 bxc6 8. Nc3 d6 9. Be2 0-0 10. 0-0 Be6 11. Qa4 c5 12. Rad1 Nd7 13. Qc2 Qa5 14. Bd2 Qc7 15. Nd5 Bxd5 16. exd5 e5 17. h4 f5 18. h5 e4 19. Qc1 Qd8 20. Be3 Qa5 21. Qb1 f4 22. Bd2 Qb6 23. Bg4 Nf6 24. Be6+ Kh8 25. hxg6 hxg6 26. Bxf4 Nh5 27. Bc1 Bd4 28. b3 Ng3 29. Rxd4 cxd4 30. fxg3 d3+ 31. Kh2 Kh7 32. Rf4 Rxf4 33. Bxf4 Qf2 34. Qd1 Qe2 35. Bg4 Qxa2 36. Be3 Rf8 37. Kg1 a5 38. Qd2 Qa1+ 39. Qc1 Qxc1+ 40. Bxc1 Rb8 41. Kf2 Rxb3 42. Bd7 Rc3 43. Bd2 Rxc4 44. Bxa5 Rc2+ 0-1

[Event "FRA-chT2 0910"]
[Site "France"]
[Date "2009.12.13"]
[Round "6.6"]
[White "Marin, Frederic Vincent"]
[Black "Viatte, Robert"]
[Result "1/2-1/2"]
[WhiteElo "2050"]
[BlackElo "2144"]
[PlyCount "49"]
[EventDate "2009.09.27"]
[EventType "team-tourn"]
[EventRounds "11"]
[EventCountry "FRA"]
[SourceTitle "EXT 2011"]
[Source "ChessBase"]
[SourceDate "2010.11.26"]
[SourceVersion "1"]
[SourceVersionDate "2010.11.26"]
[SourceQuality "1"]

1. d4 g6 2. e4 Bg7 3. f4 d6 4. Nc3 Nf6 5. Nf3 0-0 6. Be3 Nc6 7. Qd2 Bg4 8. Be2 e5 9. fxe5 dxe5 10. d5 Bxf3 11. Bxf3 Nd4 12. 0-0-0 c6 13. Kb1 cxd5 14. Nxd5 Nxd5 15. exd5 Nf5 16. Bc5 Nd6 17. Qb4 a5 18. Qb6 Qxb6 19. Bxb6 Rfc8 20. Be2 a4 21. Rhf1 f5 22. a3 Bf6 23. b3 Kg7 24. c3 h5 25. Rd2 1/2-1/2

[Event "FRA-chT2 0910"]
[Site "France"]
[Date "2009.11.22"]
[Round "4.7"]
[White "Lemeille, Francois"]
[Black "Marin, Frederic Vincent"]
[Result "0-1"]
[WhiteElo "1955"]
[BlackElo "2050"]
[PlyCount "62"]
[EventDate "2009.09.27"]
[EventType "team-tourn"]
[EventRounds "11"]
[EventCountry "FRA"]
[SourceTitle "EXT 2011"]
[Source "ChessBase"]
[SourceDate "2010.11.26"]
[SourceVersion "1"]
[SourceVersionDate "2010.11.26"]
[SourceQuality "1"]

1. e4 Nf6 2. Nc3 e5 3. f4 d6 4. Nf3 Nc6 5. Bb5 Bg4 6. h3 Bxf3 7. Qxf3 Be7 8. d3 0-0 9. Bxc6 bxc6 10. f5 d5 11. 0-0 Kh8 12. g4 dxe4 13. dxe4 Bb4 14. Be3 Qe7 15. g5 Ne8 16. Kh2 Nd6 17. Qh5 g6 18. Qg4 Nc4 19. Bc1 Rad8 20. Qg3 Rd4 21. Re1 Rfd8 22. b3 Na3 23. Re2 Nb5 24. Nxb5 cxb5 25. Bb2 Bd2 26. Qf2 Bf4+ 27. Kg2 Qxg5+ 28. Kf3 Rd3+ 29. cxd3 Rxd3+ 30. Re3 Rxe3+ 31. Qxe3 Qg3+ 0-1

[Event "FRA-chT2 0910"]
[Site "France"]
[Date "2009.10.17"]
[Round "2.6"]
[White "Dorp, David"]
[Black "Marin, Frederic Vincent"]
[Result "1/2-1/2"]
[WhiteElo "2078"]
[BlackElo "2071"]
[PlyCount "93"]
[EventDate "2009.09.27"]
[EventType "team-tourn"]
[EventRounds "11"]
[EventCountry "FRA"]
[SourceTitle "EXT 2011"]
[Source "ChessBase"]
[SourceDate "2010.11.26"]
[SourceVersion "1"]
[SourceVersionDate "2010.11.26"]
[SourceQuality "1"]

1. Nf3 c5 2. c4 Nf6 3. g3 g6 4. Bg2 Nc6 5. 0-0 Bg7 6. Nc3 0-0 7. d3 d6 8. a3 Bd7 9. Rb1 Rc8 10. b4 b6 11. b5 Nd4 12. Nd2 Bg4 13. h3 Be6 14. Nd5 Nxd5 15. cxd5 Bd7 16. a4 Nf5 17. Bb2 Bxb2 18. Rxb2 e6 19. Nc4 exd5 20. Bxd5 Ne7 21. Bxf7+ Rxf7 22. Nxd6 Bxh3 23. Nxf7 Kxf7 24. Qb3+ Be6 25. Qc3 Nd5 26. Qe5 Qf6 27. Qxf6+ Kxf6 28. Rc1 Ke5 29. Rc4 Nf6 30. Rh4 h5 31. a5 c4 32. dxc4 g5 33. f4+ gxf4 34. Rxf4 Ne4 35. Rf3 Rxc4 36. axb6 axb6 37. Kh2 Rc1 38. Rf8 Nf6 39. e4 Ng4+ 40. Kg2 Ne3+ 41. Kf2 Ng4+ 42. Kg2 Kxe4 43. Re2+ Ne3+ 44. Rxe3+ Kxe3 45. Re8 Rc2+ 46. Kg1 Kf3 47. Rxe6 1/2-1/2

[Event "Paris-ch opA"]
[Site "Paris"]
[Date "2004.07.03"]
[Round "1"]
[White "Marin, Frederic Vincent"]
[Black "Pozdnjakov, Evgueniy"]
[Result "0-1"]
[WhiteElo "1930"]
[BlackElo "2267"]
[PlyCount "91"]
[EventDate "2004.07.03"]
[EventType "swiss"]
[EventRounds "9"]
[EventCountry "FRA"]
[SourceTitle "EXT 2005"]
[Source "ChessBase"]
[SourceDate "2004.11.15"]
[SourceVersion "1"]
[SourceVersionDate "2004.11.15"]
[SourceQuality "1"]

1. e4 e6 2. d4 d5 3. Nc3 Nf6 4. exd5 exd5 5. Nf3 Bg4 6. Be2 Bd6 7. 0-0 0-0 8. Bg5 c6 9. Ne5 Bxe2 10. Qxe2 Re8 11. Bxf6 Qxf6 12. f4 Qf5 13. Qd3 Qxd3 14. Nxd3 Nd7 15. Rae1 Nf6 16. g3 a5 17. Kg2 Bb4 18. Nf2 Bxc3 19. bxc3 b5 20. Kf3 Nd7 21. Nd3 f6 22. a4 bxa4 23. Ra1 Nb6 24. Nb2 Ra7 25. Nxa4 Nc4 26. Rfe1 Rae7 27. Rxe7 Rxe7 28. Kf2 h5 29. h3 Re4 30. Nc5 Re7 31. f5 Kh7 32. Ne6 Kh6 33. Rb1 Re8 34. g4 g6 35. Kg3 h4+ 36. Kxh4 gxf5 37. gxf5 Rg8 38. Rf1 Ne3 39. Rf2 Ng2+ 40. Rxg2 Rxg2 41. Nd8 Rxc2 42. Nxc6 a4 43. Nb4 Rxc3 44. Nxd5 Rd3 45. Nxf6 Rxd4+ 46. Ng4+ 0-1